[Event "Lima Santisimo Nombre de Jesus 3"]
[Site "Lima"]
[Date "2014.06.29"]
[Round "7"]
[White "Hilares Chavez, Gary Emmanuel"]
[Black "Strohmeier, Luis"]
[Result "0-1"]
[WhiteElo "1453"]
[BlackElo "1617"]
[PlyCount "72"]
[EventDate "2014.06.21"]
[EventType "swiss"]
[EventRounds "8"]
[EventCountry "PER"]
[SourceTitle "EXT 2024"]
[Source "ChessBase"]
[SourceDate "2023.10.10"]
[SourceVersion "1"]
[SourceVersionDate "2023.10.10"]
[SourceQuality "1"]

1. d4 Nf6 2. c4 e6 3. Nc3 Bb4 4. e3 d5 5. Nf3 Nc6 6. Be2 0-0 7. 0-0 Re8 8. a3 Bf8 9. Re1 Ne7 10. Bd2 Ng6 11. Qc2 dxc4 12. Bxc4 e5 13. Qb3 Be6 14. Bxe6 Rxe6 15. Ne2 Rb6 16. Qc3 e4 17. Ne5 Nxe5 18. dxe5 Ng4 19. Red1 Qh4 20. Ng3 Qxh2+ 21. Kf1 Re6 22. Qxc7 Nxe5 23. Nxe4 Qh1+ 24. Ke2 Qxg2 25. Qxb7 Qg4+ 26. Kf1 Rae8 27. Ng3 Qc4+ 28. Ne2 Rb6 29. Qxa7 Rh6 30. Qb7 Nc6 31. Kg2 Qg4+ 32. Ng3 Qh3+ 33. Kg1 Qh2+ 34. Kf1 Rf6 35. Be1 Rxe3 36. Rac1 Rxe1+ 0-1

[Event "Lima Santisimo Nombre de Jesus 7"]
[Site "Lima"]
[Date "2013.12.14"]
[Round "4"]
[White "Strohmeier, Luis"]
[Black "Arroyo Valenzuela, Luigi"]
[Result "0-1"]
[WhiteElo "1613"]
[BlackElo "1595"]
[PlyCount "81"]
[EventDate "2013.12.13"]
[EventType "swiss"]
[EventRounds "8"]
[EventCountry "PER"]
[SourceTitle "EXT 2024"]
[Source "ChessBase"]
[SourceDate "2023.10.10"]
[SourceVersion "1"]
[SourceVersionDate "2023.10.10"]
[SourceQuality "1"]

1. e4 Nf6 2. e5 Nd5 3. c4 Nb6 4. Nc3 d6 5. exd6 cxd6 6. d3 g6 7. Nf3 Bg7 8. Qc2 Nc6 9. a3 Bg4 10. Be3 Bxf3 11. gxf3 Nd4 12. Bxd4 Bxd4 13. Nb5 Bg7 14. Bg2 Qd7 15. Qb3 0-0 16. 0-0-0 Qf5 17. Kb1 Qc5 18. Rd2 Qg5 19. f4 Qxg2 20. Re1 Qxh2 21. Rxe7 Qxf4 22. Rde2 Be5 23. Nxa7 Nxc4 24. dxc4 Rxa7 25. Rxb7 Rxb7 26. Qxb7 Qxc4 27. Rc2 Qd3 28. Qc7 Qb3 29. Qc4 Qxc4 30. Rxc4 Rb8 31. b4 Bf6 32. Rc6 Be7 33. Kc2 h5 34. f4 Kf8 35. Kb3 Ke8 36. a4 Kd7 37. Rc3 Rc8 38. Rf3 d5 39. f5 g5 40. f6 Bd6 41. Rf5 0-1

[Event "Lima Santisimo Nombre de Jesus 6"]
[Site "Lima"]
[Date "2013.11.22"]
[Round "6"]
[White "Strohmeier, Luis"]
[Black "Ventura Seminario, Rodrigo"]
[Result "1-0"]
[WhiteElo "1632"]
[BlackElo "1535"]
[PlyCount "93"]
[EventDate "2013.11.18"]
[EventType "swiss"]
[EventRounds "8"]
[EventCountry "PER"]
[SourceTitle "EXT 2024"]
[Source "ChessBase"]
[SourceDate "2023.10.10"]
[SourceVersion "1"]
[SourceVersionDate "2023.10.10"]
[SourceQuality "1"]

1. e4 e5 2. Nf3 Nc6 3. d4 d6 4. dxe5 Nxe5 5. Nxe5 dxe5 6. Qxd8+ Kxd8 7. Bc4 Ke8 8. f4 Bd6 9. fxe5 Bxe5 10. 0-0 Nf6 11. c3 Be6 12. Nd2 Rd8 13. Bxe6 fxe6 14. Nf3 Nd7 15. Be3 b6 16. Ng5 Nf6 17. Nxe6 Rd7 18. Bf4 Bxf4 19. Nxf4 Rd2 20. Nd5 Nxd5 21. exd5 Rxd5 22. Rae1+ Kd8 23. Rf7 Rd7 24. Ref1 Re8 25. Rxd7+ Kxd7 26. Rd1+ Kc6 27. Kf2 Re6 28. g3 a5 29. Rd2 Re7 30. Kf3 Kb5 31. b3 c5 32. a4+ Kc6 33. Rd8 g6 34. h4 Kc7 35. Rh8 Kd6 36. Kf4 Kd5 37. Rd8+ Kc6 38. Rd3 h6 39. g4 Re6 40. h5 gxh5 41. gxh5 Re8 42. Rg3 Kd5 43. Rg6 Rf8+ 44. Ke3 Re8+ 45. Kd3 Rf8 46. Rxh6 Rf3+ 47. Kc2 1-0

[Event "Lima Santisimo Nombre de Jesus 4"]
[Site "Lima"]
[Date "2013.07.31"]
[Round "2"]
[White "Correa Atucsa, Breiner Roiser"]
[Black "Strohmeier, Luis"]
[Result "1-0"]
[WhiteElo "1782"]
[BlackElo "1664"]
[PlyCount "67"]
[EventDate "2013.07.31"]
[EventType "swiss"]
[EventRounds "8"]
[EventCountry "PER"]
[SourceTitle "EXT 2024"]
[Source "ChessBase"]
[SourceDate "2023.10.10"]
[SourceVersion "1"]
[SourceVersionDate "2023.10.10"]
[SourceQuality "1"]

1. d4 Nf6 2. c4 e6 3. Nf3 d5 4. e3 c5 5. Nc3 Nc6 6. Be2 a6 7. dxc5 Bxc5 8. 0-0 0-0 9. a3 dxc4 10. Bxc4 b5 11. Be2 Qc7 12. b4 Ba7 13. Bb2 Bb7 14. Qb3 Rad8 15. a4 bxa4 16. Nxa4 Qe7 17. Nc5 Nd5 18. Nxa6 Bxa6 19. Rxa6 Qxb4 20. Qc2 Rc8 21. Ba3 Qc3 22. Qa4 Nb6 23. Qb5 Rfd8 24. Rc1 Qf6 25. Rxb6 Bxb6 26. Qxb6 Ne7 27. g3 Nd5 28. Qb2 Nc3 29. Nd4 Ne4 30. Bf3 Ng5 31. Bg2 e5 32. Nc6 Nh3+ 33. Kf1 Rxc6 34. Bxc6 1-0

[Event "Lima Santisimo Nombre de Jesus 1"]
[Site "Lima"]
[Date "2013.02.03"]
[Round "7"]
[White "Machuca Taipe, Guido"]
[Black "Strohmeier, Luis"]
[Result "0-1"]
[WhiteElo "1600"]
[BlackElo "1644"]
[PlyCount "56"]
[EventDate "2013.01.31"]
[EventType "swiss"]
[EventRounds "8"]
[EventCountry "PER"]
[SourceTitle "EXT 2024"]
[Source "ChessBase"]
[SourceDate "2023.10.10"]
[SourceVersion "1"]
[SourceVersionDate "2023.10.10"]
[SourceQuality "1"]

1. e4 e6 2. d4 d5 3. Nd2 c5 4. Ngf3 Nc6 5. c3 cxd4 6. cxd4 Bb4 7. a3 Bxd2+ 8. Nxd2 Nxd4 9. Qa4+ Nc6 10. Bb5 Bd7 11. exd5 exd5 12. Nf3 Nge7 13. Be3 0-0 14. 0-0 a6 15. Be2 Nf5 16. Qd1 Be6 17. Qd2 Re8 18. Rae1 Nxe3 19. fxe3 h6 20. Rf2 Qb6 21. Kh1 Rad8 22. Ref1 d4 23. e4 d3 24. Bd1 f6 25. Nh4 Bf7 26. Nf5 Rxe4 27. Nxh6+ gxh6 28. Qxh6 Qxf2 0-1

[Event "Lima Santisimo Nombre de Jesus 5"]
[Site "Lima"]
[Date "2012.10.17"]
[Round "6"]
[White "Strohmeier, Luis"]
[Black "Puppi Lazo, Jorge Luis"]
[Result "0-1"]
[WhiteElo "1644"]
[BlackElo "1905"]
[PlyCount "90"]
[EventDate "2012.10.15"]
[EventType "swiss"]
[EventRounds "8"]
[EventCountry "PER"]
[SourceTitle "EXT 2024"]
[Source "ChessBase"]
[SourceDate "2023.10.10"]
[SourceVersion "1"]
[SourceVersionDate "2023.10.10"]
[SourceQuality "1"]

1. e4 c5 2. Nf3 e6 3. d4 cxd4 4. Nxd4 Nf6 5. Nc3 Nc6 6. Nxc6 bxc6 7. a3 d5 8. exd5 exd5 9. Bd3 Bd6 10. Bg5 0-0 11. Qd2 h6 12. Bh4 Re8+ 13. Be2 Rb8 14. Rb1 Ba6 15. Bxf6 Qxf6 16. 0-0 Bxe2 17. Nxe2 Rxb2 18. Ng3 Bxa3 19. Qa5 Rxb1 20. Rxb1 Bb2 21. Qd2 Bc3 22. Qd3 a5 23. Ne2 Bb4 24. c3 Bc5 25. Nd4 a4 26. Nf3 a3 27. Qd2 Qf5 28. Ra1 Qe4 29. Re1 a2 30. Rxe4 a1Q+ 31. Re1 Rxe1+ 32. Qxe1 Qxe1+ 33. Nxe1 Bb6 34. Nd3 Ba5 35. Nb4 Bxb4 36. cxb4 Kf8 37. Kf1 Ke7 38. Ke2 Kd6 39. Kd3 Kc7 40. f4 Kb6 41. h4 Kb5 42. Kc3 g6 43. g4 f6 44. g5 fxg5 45. h5 gxh5 0-1

[Event "Lima Santisimo Nombre de Jesus 3"]
[Site "Lima"]
[Date "2012.06.23"]
[Round "6"]
[White "Strohmeier, Luis"]
[Black "Balvin, Jorge"]
[Result "0-1"]
[WhiteElo "1639"]
[BlackElo "1753"]
[PlyCount "76"]
[EventDate "2012.06.19"]
[EventType "swiss"]
[EventRounds "8"]
[EventCountry "PER"]
[SourceTitle "EXT 2024"]
[Source "ChessBase"]
[SourceDate "2023.10.10"]
[SourceVersion "1"]
[SourceVersionDate "2023.10.10"]
[SourceQuality "1"]

1. e4 e6 2. d4 d5 3. Nc3 Bb4 4. e5 c5 5. a3 Bxc3+ 6. bxc3 Ne7 7. Nf3 Qc7 8. Be3 b6 9. Be2 Ba6 10. Bxa6 Nxa6 11. 0-0 Rc8 12. Qd2 0-0 13. Ne1 Nf5 14. g4 cxd4 15. cxd4 Nxe3 16. fxe3 Qc3 17. Qxc3 Rxc3 18. Kf2 Nb8 19. Ke2 Rfc8 20. Kd2 Nd7 21. g5 Kf8 22. Ra2 Ke7 23. Nd3 R3c4 24. h4 f6 25. gxf6+ gxf6 26. exf6+ Nxf6 27. Ne5 R4c7 28. Kc1 Rg8 29. Kb2 Rg2 30. Kb3 Rg3 31. Rf3 Rxf3 32. Nxf3 Ne4 33. Ng5 Rc3+ 34. Kb4 Rxe3 35. Nxh7 a5+ 36. Kb5 Nc3+ 37. Kxb6 Nxa2 38. Kxa5 Rxa3+ 0-1

[Event "Lima Santisimo Nombre de Jesus 3"]
[Site "Lima"]
[Date "2012.06.23"]
[Round "?"]
[White "Tacuche, Fernando"]
[Black "Strohmeier, Luis"]
[Result "1/2-1/2"]
[WhiteElo "1946"]
[BlackElo "1639"]
[PlyCount "50"]
[EventDate "2012.06.19"]
[EventType "swiss"]
[EventRounds "8"]
[EventCountry "PER"]
[SourceTitle "EXT 2024"]
[Source "ChessBase"]
[SourceDate "2023.10.10"]
[SourceVersion "1"]
[SourceVersionDate "2023.10.10"]
[SourceQuality "1"]

1. e4 e5 2. Nf3 Nc6 3. Bb5 f5 4. Nc3 Nf6 5. Qe2 d6 6. d4 fxe4 7. Nxe4 Bd7 8. Bg5 Be7 9. dxe5 Nxe4 10. Bxe7 Qxe7 11. Qxe4 Nxe5 12. Bxd7+ Kxd7 13. 0-0-0 Nxf3 14. Qxf3 c6 15. Qg4+ Kc7 16. Rhe1 Qf7 17. Re6 Rad8 18. Rde1 Rd7 19. Qd4 Rf8 20. Qxa7 Qxf2 21. R6e3 Qf5 22. Qd4 Qg5 23. Qd2 Rf6 24. Kb1 Re6 25. Qf2 Qc5 1/2-1/2

[Event "Lima Santisimo Nombre de Jesus 2"]
[Site "Lima"]
[Date "2012.05.16"]
[Round "8"]
[White "Strohmeier, Luis"]
[Black "Fernandez, Roberto1111"]
[Result "1-0"]
[WhiteElo "1638"]
[BlackElo "1556"]
[PlyCount "101"]
[EventDate "2012.05.12"]
[EventType "swiss"]
[EventRounds "8"]
[EventCountry "PER"]
[SourceTitle "EXT 2024"]
[Source "ChessBase"]
[SourceDate "2023.10.10"]
[SourceVersion "1"]
[SourceVersionDate "2023.10.10"]
[SourceQuality "1"]

1. e4 c5 2. Nf3 Nc6 3. d4 cxd4 4. Nxd4 e5 5. Nb3 Nf6 6. Nc3 Be7 7. Bc4 b6 8. 0-0 0-0 9. f4 exf4 10. Bxf4 d6 11. h3 Be6 12. Bxe6 fxe6 13. Qe2 Rc8 14. Rad1 e5 15. Bh2 Rc7 16. Nb5 Rc8 17. Rd2 Kh8 18. Rfd1 Ne8 19. a3 Rf6 20. Nc3 Nc7 21. g4 Rh6 22. Qg2 Bg5 23. Re2 Ne6 24. Nd5 Nc7 25. c4 Qd7 26. Nb4 Re8 27. c5 Nxb4 28. axb4 Nb5 29. Rc2 Qe6 30. Rd3 Rc8 31. cxb6 axb6 32. Qf2 Rxc2 33. Qxc2 Nd4 34. Nxd4 exd4 35. Ra3 Be3+ 36. Kg2 Qe8 37. b5 Re6 38. Qc6 Bg5 39. Ra8 Bd8 40. Qxe8+ Rxe8 41. Bxd6 h6 42. Bc7 Rxe4 43. Rxd8+ Kh7 44. Bxb6 Re2+ 45. Kf3 Rxb2 46. Bxd4 Rxb5 47. Rd7 Rg5 48. h4 Rg6 49. h5 Rg5 50. Bf6 Rb5 51. Rxg7+ 1-0